Регионална библиотека "Любен Каравелов" - Русе

Конструиране на мебели (Запис номер 31651)

MARC детайли
000 -Лидер
Контролно поле с фиксирана дължина 01779nam a2200373 c 4500
003 - Код на организацията, давaща контролен номер
Контролно поле BLK
005 - Дата и час на последна редакция
Контролно поле 20240914112749.0
008 - Елементи от данни с фиксирана дължина
fixed length control field 180407b bul|||||r ||||||| ||bul||
010 ## - Наследен системен номер
LC control number KNG00034309000
020 ## - Международен стандартен номер на книга ISBN
Международен стандартен номер на книга ISBN 954-649-240-Х
-- издат.: Сиела Софт енд Паблишинг
040 ## - Източник на каталожния запис
Идентификатор на билиотеката - собственик на записа BLK
041 ## - Код за език
Код за езика на текст/звукозапис или на отделно заглавие Български
Код за езика КДБФ Български
080 ## - УДК
Текстов определител УДК Мебелно производство. Тапицерство
УДК код - определител по УДК 684
УДК определител .001.66(075.32)
УДК - код + определител 684.001.66(075.32)
100 1# - Редна дума - Автор
Автор Кючуков, Георги Борисов
Авторска отговорност първи автор
R(LIN) 254382
139 ## - Редно поле
Редна дума Кючуков, Георги Борисов и др.
Авторски знак Кю - К 99
245 10 - Сведения за заглавието
Заглавие Конструиране на мебели
Подзаглавни данни Учебник
Редно поле (дума) Георги Борисов Кючуков; съавт. Весела Георгиева Кулева; съавт. Йордан Димитров Гочев.
250 ## - Област на изданието
Сведения за изданието 2. прераб. и доп. изд.
257 ## - Страна на издаване
Страна на създаване/издаване България
260 ## - Област на издателските данни
-- София
Име на издателя, разпространителя и проч. Сиела Софт енд Паблишинг
Година на издаване 1999
300 ## - Физическа характеристика
Страници 287 с.
Илюстрации и др. с ил., табл.
Размери/Мащаб 23 см
380 ## - Жанр
Жанр Техника
500 ## - Общи забележки
Забележка 1. изд. 1992 на изд. Земиздат. - Офс. изд. - 500 тир.
650 #4 - Допълнително описание по предмет – тема
Основно описание – тема или топоним Мебели - учебници за техникуми и средни професионални училища
9 (RLIN) 271692
653 ## - Ключова дума – ненормативна
Ключова дума мебели
653 ## - Ключова дума – ненормативна
Ключова дума учебници за средни училища
700 1# - Други автори (авторска отговорност)
Лично име Кулева, Весела Георгиева
Автороска отговорност (Описва отношението между автора и произведението) съавт.
9 (RLIN) 271690
700 1# - Други автори (авторска отговорност)
Лично име Гочев, Йордан Димитров
Автороска отговорност (Описва отношението между автора и произведението) съавт.
9 (RLIN) 271691
852 ## - Местоположение
Форматна сигнатура Цб 206680
856 4# - Електронен адрес и достъп
Електронен формат pdf - файл
Път до файла /url/
856 4# - Електронен адрес и достъп
Електронен формат pdf - файл
Път до файла /url/
942 ## - АРТИКУЛИ
Вид на библиотечния материал Книги
Скрит в OPAC Не
Koha issues (borrowed), all copies 2
944 ## - СЪЗДАВАНЕ И РЕДАКЦИЯ на ЗАПИСА
Създаване/Редакция Създаване
Дата на регистрацията/редакция 15.01.2003
Служител, извършил регистрацията/редакцията 30529
Статус, дата на статуса Диана Гривева
944 ## - СЪЗДАВАНЕ И РЕДАКЦИЯ на ЗАПИСА
Създаване/Редакция Редакция
Дата на регистрацията/редакция 09.12.2016
Служител, извършил регистрацията/редакцията Виолета_Тройчева
999 ## - СИСТЕМНИ КОНТРОЛНИ НОМЕРА
Koha biblionumber 31651
Koha biblioitemnumber 31651
Наличности
Код за отписване Код за изгубен артикул Източник на класификационната схема Код за повреда Коз за рестрикции Код за отдаване Артикулен № Име на библиотеката - собственик Име на библиотеката, в която се намира в момента Статус (Текущо местоположение) Дата на вписване в системата Местоположение - отдел Цена в лева Инвентарен номер Систематично азбучна сигнатура Баркод Номер на екземпляра Цена в евро Служебна бележка Служебен тип на артикула
  Не е изгубен Universal Decimal Classification Не е повреден без рестрикции заемане за дома 50387 Регионална библиотека "Любен Каравелов" Русе Регионална библиотека "Любен Каравелов" Русе Заемна - подръчен фонд 2001-01-01 Заемна - подръчен фонд 9.00 660294 П 684/К 99 120000660294 1 4.60 Дата инв: 07.02.2018 Бележки инв: П2018 Книги
  Не е изгубен Universal Decimal Classification Не е повреден без рестрикции ползва се в читалня 50388 Регионална библиотека "Любен Каравелов" Русе Регионална библиотека "Любен Каравелов" Русе Читалня 2001-01-01 Читалня 9.00 660295 Ч 67/68/К 99 120000660295 2 4.60 Дата инв: 27.03.2017 Бележки инв: Ч2017 Книги
Vip Innovations Ltd, Rousse, Bulgaria 2025